INTERPRETATION OF STATUTES (Record no. 1680191)

MARC details
000 -LEADER
fixed length control field 00374nam a22001697a 4500
003 - CONTROL NUMBER IDENTIFIER
control field OSt
005 - DATE AND TIME OF LATEST TRANSACTION
control field 20260224174625.0
008 - FIXED-LENGTH DATA ELEMENTS--GENERAL INFORMATION
fixed length control field 260224b |||||||| |||| 00| 0 eng d
040 ## - CATALOGING SOURCE
Transcribing agency FLL
041 ## - LANGUAGE CODE
Language code of text/sound track or separate title ENG
Language code of sung or spoken text ENG
100 ## - MAIN ENTRY--PERSONAL NAME
Personal name SARATHI,V.P
245 ## - TITLE STATEMENT
Title INTERPRETATION OF STATUTES
250 ## - EDITION STATEMENT
Edition statement 6th
260 ## - PUBLICATION, DISTRIBUTION, ETC.
Place of publication, distribution, etc. LUCKNOW
Name of publisher, distributor, etc. EBC
Date of publication, distribution, etc. 2024
300 ## - PHYSICAL DESCRIPTION
Extent 546
942 ## - ADDED ENTRY ELEMENTS (KOHA)
Source of classification or shelving scheme Colon Classification (CC)
Koha item type Textbook
Suppress in OPAC No
Holdings
Withdrawn status Lost status Source of classification or shelving scheme Damaged status Not for loan Home library Current library Date acquired Source of acquisition Cost, normal purchase price Inventory number Total Checkouts Full call number Barcode Date last seen Price effective from Koha item type Date due Date last checked out
    Colon Classification (CC)     Law Centre-I Library Law Centre-I Library 2026-01-17 Bookwell Publications 636.00 673/17-01-26   Z2,93 R4 LO1646163 2026-02-24 2026-02-24 Textbook    
    Colon Classification (CC)     Law Centre-I Library Law Centre-I Library 2026-01-17 Bookwell Publications 636.00 673/17-01-26   Z2,93 R4 LO1646164 2026-02-24 2026-02-24 Textbook    
    Colon Classification (CC)     Law Centre-I Library Law Centre-I Library 2026-01-17 Bookwell Publications 636.00 673/17-01-26   Z2,93 R4 LO1646165 2026-02-24 2026-02-24 Textbook    
    Colon Classification (CC)     Law Centre-I Library Law Centre-I Library 2026-01-17 Bookwell Publications 636.00 673/17-01-26 1 Z2,93 R4 LO1646166 2026-04-09 2026-02-24 Textbook 2026-04-19 2026-04-09
    Colon Classification (CC)     Law Centre-I Library Law Centre-I Library 2026-01-17 Bookwell Publications 636.00 673/17-01-26   Z2,93 R4 LO1646167 2026-02-24 2026-02-24 Textbook    
    Colon Classification (CC)     Law Centre-I Library Law Centre-I Library 2026-01-17 Bookwell Publications 636.00 673/17-01-26 1 Z2,93 R4 LO1646168 2026-03-19 2026-02-24 Textbook 2026-03-29 2026-03-19
    Colon Classification (CC)     Law Centre-I Library Law Centre-I Library 2026-01-17 Bookwell Publications 636.00 673/17-01-26   Z2,93 R4 LO1646169 2026-02-24 2026-02-24 Textbook    
    Colon Classification (CC)     Law Centre-I Library Law Centre-I Library 2026-01-17 Bookwell Publications 636.00 673/17-01-26   Z2,93 R4 LO1646170 2026-02-24 2026-02-24 Textbook    
Copyright @ Delhi University Library System